01383nam a22003495a 4500003000900000005001700009008004100026020001500067020001800082040004400100082002200144100004300166245009000209250004500299264004000344300006000384336002600444337002800470338002700498504005100525590001700576650004500593650006800638650003400706650003300740651001000773653002100783655002400804942002700828999001700855952016100872EG-ScBUE20211118115138.0090527s2008 nyua f b 001 0 eng d a0071266526 a9780071266529 aEG-ScBUEbeng erdacEG-ScBUEdEG-ScBUE04a808.0427bLAN2221 aLangan, John,‏d1942-eauthor.9549910aCollege writing skills with readings /cJohn Langan, Atlantic Cape Community College. aSeventh edition,binternational edition. 1aNew York, NY :bMcGraw-Hill,c2008. axxiii, 794 pages :billustrations (some color) ;c24 cm 2rdacontentatextbtxt 2rdamediaaunmediatedbn 2rdacarrieravolumebnc aIncludes bibliographical references and index. aMenna Elemam 7aEnglish languagexRhetoric.2BUEsh95500 7aEnglish languagevTextbooks for foreign speakers.2BUEsh910859 7aCollege readers.2BUEsh95502 7aReport writing.2BUEsh95503 2BUEsh cAugust2015bGGEN vReading book934232 cBBk808.0427 LAN 2ddc c11663d11663 00102ddc40708AlahramaMAINbMAINc2NDd2009-05-27epurchaseg252.00h356l4m2o808.0427 LANp000016470r2025-07-15 00:00:00s2015-09-16w2009-05-27yBB